Normal view
MARC view
- Rimsha Khan
Entry Personal Name
001 - CONTROL NUMBER
- control field: 84106
003 - CONTROL NUMBER IDENTIFIER
- control field: NUST
005 - DATE AND TIME OF LATEST TRANSACTION
- control field: 20211113115232.0
008 - FIXED-LENGTH DATA ELEMENTS
- fixed length control field: 211113|| aca||aabn | a|a d
040 ## - CATALOGING SOURCE
- Original cataloging agency: NUST
- Transcribing agency: NUST
100 ## - HEADING--PERSONAL NAME
- Personal name: Rimsha Khan
670 ## - SOURCE DATA FOUND
- Source citation: Work cat.: (NUST): Rimsha Khan, TH-SOF-1918-Java Code Analysis Framework for Mission Critical Systems, 2021.
